000 00657nam a2200241 a 4500
001 nice12345678
003 IN_TiNIC
005 20260116014423.0
008 050524s1995 lona grp 000 0 eng
020 _a186064X
_c867.65
082 0 0 _a956.94054
_bSHI
100 _aShindler, Colin
245 _aLand Beyond Promise
_b Israel, Likud and the Zionist Dream
260 _aLondon
_bI.B.Tauris & Co.Ltd
_c1995
300 _a824p
500 _aincludes index and biblioraphy
505 2 _aSelected Bibliography, Index, Notes
650 _aIsrael-History
700 1 _aShindler, Colin
902 _bSRC
942 _cBK
999 _c15216
_d15216